000 01426cam a2200385 4500
001 zswift b1074604
003 SIRSI
005 20240319204816.0
008 ||| 0 eng
020 _a0934925054
_c17.95
020 _a9780934925051
035 _a(Sirsi) i9780934925051
035 _zNO CTRL
035 _a(Sirsi) 33683
040 _csjds
041 _aspa
100 1 _aSalinas-Norman, Bobbi.
245 1 0 _aLos tres cerdos Nacho, Tito, e Miguel/
_crelatado e illustrado por Bobbi Salinas.
260 _aAlameda, CA:
_bPinata Publications,
_c1997.
300 _a32 pages :
_billustrations.
336 _atext
_btxt
_2rdacontent.
337 _aunmediated
_bn
_2rdamedia.
338 _avolume
_bnc
_2rdacarrier.
500 _aIncludes glossary.
500 _aFor children 3-103.
500 _aPara ninos de 3 a 103 anos de edad.
500 _aText in Spanish and English.
520 _aSummary: This version of The Three Pigs takes place in the Southwest. Miguel, the cleverest of the pigs, sees through the wolf's artificially sugared tricks and ultimately destroys the wolf's power to deceive others.
650 0 _aSwine
_vJuvenile fiction.
650 0 _aWolves
_vJuvenile fiction.
650 0 _aChildren's stories, American
_xtranslation into Spanish.
650 0 _aBilingual materials
_xSpanish and English.
655 7 _aFables
_vJuvenile fiction.
_2lcgft.
942 _cBK
_2ddc
999 _c29399
_d29397